00843nam a22001937a 4500003000900000008004100009020001800050040007100068082001600139100002300155245012100178260003200299300005900331505017300390650002600563650002400589650002100613650001500634AR-CdUCM190227b ||||| |||| 00| 0 spa d a9789871310111 aMUNICIPALIDAD PROVINCIAL DEL CUSCOcBIBLIOTECA MUNICIPAL DEL CUSCO a248 /bL947 aLudueña, Edgardo aPilares de la Fe :bCronología Arquitectónica de Obras que Sostuvieron la historia de un pueblo de Españoles / aArgentina :bImprex,c2007. a96 paginas ;bIlustraciones en blanco y negro.c21 cm. aPilare de la fe -- Cronología arquitectónica -- Primer oratorio -- Hospicio religioso del Real y militar orden de nuestra señora de la Merced -- Segundo templo... aSeñora de la Merced aLibres para liberar aOrden Mercedaria aOratorios